01173nam a2200169Ia 4500008004100000040001800041041002600059245003500085260005700120300001000177508009400187511017200281520037300453546006100826586002700887856008900914130821s1940 xx gs mul  aCo-BoUCMbspa00aspa°aeng°apor°afre10aHistorias de Filadelfiac[DVD] a[Lugar desconocido]bMetro-Goldwyn-Mayer (MGM)c1940 a2 DVD aDirector, George Cukor ; guión Donald Ogden Stewart & Waldo Salt (Teatro: Philip Barry) aCary Grant, Katharine Hepburn, James Stewart, Ruth Hussey, John Howard, Roland Young, John Halliday, Mary Nash, Virginia Weidler, Henry Daniell, Lionel Pape, Rex Evans aSINOPSIS: La mansión de los Lord se prepara para celebrar la segunda boda de Tracy Lord (Katharine Hepburn) con el rico George Kittredge (John Howard). Para inmortalizar los festejos una pareja de periodistas, Macauley Connor (James Stewart) y Elizabeth Imbrie (Ruth Hussey), son invitados especialmente por C.K. Dexter Haven (Cary Grant), el primer marido de Tracy. aAudio y subtítulos en castellano, inglés y alemán. 4tThe Philadelphia story04uhttp://www.youtube.com/watch?v=6CtquHsxoZozSiga este vínculo para ver el trailer.